Estrategia nacional sobre drogas: 2003-2008

I tiakina i:
Ngā taipitopito rārangi puna kōrero
Ngā kaituhi rangatōpū: CONACE (Author), Consejo Nacional para el Control de Estupefacientes (Author)
Hōputu: Pukapuka
Reo:Pāniora
I whakaputaina: Santiago CONACE 2003
Ngā marau:
Ngā Tūtohu: Tāpirihia he Tūtohu
Kāore He Tūtohu, Me noho koe te mea tuatahi ki te tūtohu i tēnei pūkete!

MARC

LEADER 00000nam a2200000 a 4500
001 UCM9056
003 CL-VaPUC
008 030411e20030100CL |||||||||||||||||spa|d
082 0 4 |a 362.29  |b CON  |2 21 
110 2 |a CONACE  |e author  |9 475402 
710 2 |a Consejo Nacional para el Control de Estupefacientes  |e author  |9 475403 
245 1 0 |a Estrategia nacional sobre drogas: 2003-2008 
300 |a 85 p 
942 |c BK 
945 |d 20030411 00:00:00  |a vberengu 
260 |a Santiago  |b CONACE  |c 2003 
650 0 |a Drogas  |9 254877 
650 7 |a CONSUMO DE DROGAS - PREVENCION  |2 CL-VaPUC  |9 475404 
650 7 |a TOXICOMANIA - ESTUDIOS SOCIALES  |2 CL-VaPUC  |9 475405 
583 |a last modification  |c 20030411 00:00:00  |k Rodrigo Vera 
999 |c 303437  |d 303435 
952 |0 0  |1 0  |4 0  |6 362_290000000000000_CON_2003  |7 0  |8 A  |9 364730  |a BIBGIM  |b BIBGIM  |d 2019-11-21  |i 3887332  |o 362.29 CON 2003  |p 3887332  |r 2025-01-15  |w 2019-11-21  |y BK  |k GIM 
952 |0 0  |1 0  |4 0  |6 362_290000000000000_CON_2003  |7 0  |8 A  |9 364731  |a BIBEDU  |b BIBEDU  |c ES_NOD  |d 2019-11-21  |i 4372719  |o 362.29 CON 2003  |p 4372719  |r 2023-08-09  |w 2019-11-21  |y BK  |k EPE